00477nam a22001577a 4500003000900000005001700009008004100026040001300067100001700080245005400097250000600151260002000157300002000177490002400197520009800221IT-RoPau20220918175938.0130117b xxu||||| |||| 00| 0 eng d cIT-RoPau aD. Giaccardo aUomini di DiobD. Timoteo Giaccardo. Servo di Dio aI aAlbabSSPc1966 a323 p.c21,5 cm aEdizioni PaolinevI aIndice Presentazione D.T. Giaccardo: Dalla sua vita Dai suoi scritti